000
00331nam a2200133Ia 4500
008
221030s9999 xx 000 0 und d
041
_a
English
100
_a
A. K Ray
245
0
_a
Advanced Microprocessors & Peripherals
_c
by A. K Ray, Bhurchandi, K. M
260
_c
0
650
_a
B
700
_a
Bhurchandi, K. M
942
_c
BK
999
_c
16337
_d
16337